| 000 | 00000nam 2200000za 4500 |
| 001 | 9.643439 |
| 003 | CaOODSP |
| 005 | 20230307145507 |
| 007 | cr ||||||||||| |
| 008 | 150407|1978||||xxc|||||o f|0| 0 fre d |
| 040 | |aCaOODSP|bfre |
| 043 | |an-cn--- |
| 086 | 1 |aA53-1575/1978F-PDF |
| 110 | 1 |aCanada.|bAgriculture Canada. |bDirection générale de recherche. |
| 245 | 13|aUn jardin dans le Nord / |h[ressource électronique]|c[par] R.E. Harris. |
| 260 | |aOttawa - Ontario : |bAgriculture Canada. |c1978. |
| 300 | |a44p.|bfigures, références, tableaux, photographies |
| 500 | |aPublication historique numérisée par Agriculture et Agroalimentaire Canada. -- «Cette publication remplace le n° 1081, Manuel des jardiniers du Nord.»--p. 2 de 44. |
| 590 | |a15-01-Supp|b2015-01-26 |
| 691 | 07|aJardin|2gcpds |
| 691 | 07|aJardinage|2gcpds |
| 691 | 07|aHorticulture|2gcpds |
| 691 | 07|aNord canadien|2gcpds |
| 691 | 07|aSerre|2gcpds |
| 775 | 08|tNorthern gardening / |w(CaOODSP)9.699470 |
| 795 | |tManuel des jardiniers du nord / |w(CaOODSP)9.643325 |
| 856 | 40|ahttp://publications.gc.ca|qPDF|s3.5 Mo|uhttps://publications.gc.ca/collections/collection_2014/aac-aafc/agrhist/A53-1575-1978-fra.pdf |
| 986 | |a1575 |